<?xml version="1.0" encoding="UTF-8"?>
<record
    xmlns:xsi="http://www.w3.org/2001/XMLSchema-instance"
    xsi:schemaLocation="http://www.loc.gov/MARC21/slim http://www.loc.gov/standards/marcxml/schema/MARC21slim.xsd"
    xmlns="http://www.loc.gov/MARC21/slim">

  <leader>00936nam a2200205 a 4500</leader>
  <controlfield tag="001">000012897</controlfield>
  <controlfield tag="005">20200120221923.0</controlfield>
  <controlfield tag="008">990709s1996    sp 0   jr     0   f spa d</controlfield>
  <datafield tag="020" ind1=" " ind2=" ">
    <subfield code="a">87-207-7515-0</subfield>
  </datafield>
  <datafield tag="090" ind1=" " ind2=" ">
    <subfield code="a">JN</subfield>
    <subfield code="b">FERB</subfield>
  </datafield>
  <datafield tag="100" ind1="0" ind2=" ">
    <subfield code="a">Ferrer Bermejo, Jos&#xE9;</subfield>
  </datafield>
  <datafield tag="245" ind1="1" ind2="3">
    <subfield code="a">El a&#xF1;o sab&#xE1;tico /</subfield>
    <subfield code="c">Jos&#xE9; Ferrer Bermejo.</subfield>
  </datafield>
  <datafield tag="260" ind1=" " ind2=" ">
    <subfield code="a">Madrid :</subfield>
    <subfield code="b">Anaya,</subfield>
    <subfield code="c">1996.</subfield>
  </datafield>
  <datafield tag="300" ind1=" " ind2=" ">
    <subfield code="a">133 p.</subfield>
  </datafield>
  <datafield tag="490" ind1=" " ind2=" ">
    <subfield code="a">Espacio abierto</subfield>
    <subfield code="v">49</subfield>
  </datafield>
  <datafield tag="520" ind1="0" ind2="3">
    <subfield code="a">"El padre de Silvestre decide tomarse un a&#xF1;o sab&#xE1;tico y dedicarse a trabajar. Ahora bien, exige que durante ese a&#xF1;o tambi&#xE9;n cambie la vida de Silvestre: que haga deporte, se aficione al rock y salga con una chica. Despu&#xE9;s de alg&#xFA;n concierto de rock y ciertos problemas, todo desemboca en un partido de f&#xFA;tbol que centra el mensaje de que cada uno ha de dedicarse a lo que sabe hacer. "</subfield>
  </datafield>
  <datafield tag="650" ind1="2" ind2="4">
    <subfield code="a">Novela espa&#xF1;ola</subfield>
  </datafield>
  <datafield tag="650" ind1="2" ind2="4">
    <subfield code="a">Literatura juvenil espa&#xF1;ola</subfield>
  </datafield>
  <datafield tag="650" ind1="2" ind2="4">
    <subfield code="a">Aventuras en la literatura</subfield>
  </datafield>
  <datafield tag="999" ind1=" " ind2=" ">
    <subfield code="c">809</subfield>
    <subfield code="d">809</subfield>
  </datafield>
  <datafield tag="952" ind1=" " ind2=" ">
    <subfield code="0">0</subfield>
    <subfield code="1">0</subfield>
    <subfield code="2">ddc</subfield>
    <subfield code="4">0</subfield>
    <subfield code="7">0</subfield>
    <subfield code="8">LJ</subfield>
    <subfield code="a">BPMOS</subfield>
    <subfield code="b">BPMOS</subfield>
    <subfield code="d">2020-01-20</subfield>
    <subfield code="i">103182</subfield>
    <subfield code="l">0</subfield>
    <subfield code="o">JN FERB</subfield>
    <subfield code="p">MOS007175</subfield>
    <subfield code="r">2021-07-17</subfield>
    <subfield code="t">ej.1</subfield>
    <subfield code="w">2020-01-20</subfield>
    <subfield code="y">BKLIT</subfield>
    <subfield code="z">Quince d&#xED;as</subfield>
  </datafield>
</record>
